[Event "Tenerife-chT Preferente"]
[Site "Tenerife"]
[Date "2021.06.05"]
[Round "8.1"]
[White "Medina Plasencia, Santiago"]
[Black "Lestao Balseiro, Adrian"]
[Result "0-1"]
[WhiteElo "2016"]
[BlackElo "2207"]
[PlyCount "84"]
[EventDate "2021.02.27"]
[EventType "team-tourn"]
[EventRounds "14"]
[EventCountry "ESP"]
[SourceTitle "EXT 2023"]
[Source "ChessBase"]
[SourceDate "2022.10.05"]
[SourceVersion "1"]
[SourceVersionDate "2022.10.05"]
[SourceQuality "1"]
[WhiteTeam "El Sauzal Libreria Barco"]
[BlackTeam "Rey Ahogado"]
[WhiteTeamCountry "ESP"]
[BlackTeamCountry "ESP"]

1. d4 f5 2. e4 fxe4 3. Nc3 Nf6 4. Bg5 g6 5. Bxf6 exf6 6. Nxe4 d5 7. Ng3 Qe7+ 8. Be2 Qb4+ 9. Kf1 Qxb2 10. h4 Nc6 11. Nf3 h5 12. c4 Ne7 13. cxd5 Nxd5 14. Bc4 Be6 15. Qa4+ Kf7 16. Re1 Qb4 17. Qc2 Qxc4+ 18. Qxc4 Ne3+ 19. fxe3 Bxc4+ 20. Kf2 Bxa2 21. Ra1 Be6 22. Rhc1 Bd6 23. Ne4 Rhc8 24. Rab1 Bd5 25. Nc3 Bxf3 26. gxf3 b6 27. Nb5 Ke7 28. d5 Bc5 29. Ke2 a6 30. Nc3 f5 31. Kd3 Kf6 32. e4 Bd6 33. Ne2 a5 34. Rc6 a4 35. Kd4 Re8 36. Nc3 Kf7 37. Na2 a3 38. Kd3 Ra4 39. Rf1 Kg7 40. Re1 Ra5 41. Re2 Rc5 42. Rxc5 bxc5 0-1

[Event "Tenerife-chT Preferente 1516"]
[Site "Tenerife"]
[Date "2016.04.16"]
[Round "13.4"]
[White "Schneider Sanchez, Carlos Domingo"]
[Black "Medina Plasencia, Santiago"]
[Result "1-0"]
[WhiteElo "2049"]
[BlackElo "1952"]
[PlyCount "75"]
[EventDate "2015.12.12"]
[EventType "team-tourn"]
[EventRounds "14"]
[EventCountry "ESP"]
[SourceTitle "EXT 2017"]
[Source "ChessBase"]
[SourceDate "2016.10.25"]
[SourceVersion "1"]
[SourceVersionDate "2016.10.25"]
[SourceQuality "1"]
[WhiteTeam "Rey Ahogado"]
[BlackTeam "El Sauzal"]
[WhiteTeamCountry "ESP"]
[BlackTeamCountry "ESP"]

1. d4 Nf6 2. c4 e6 3. Nc3 Bb4 4. e3 b6 5. Bd3 Bb7 6. f3 c5 7. Nge2 Nc6 8. 0-0 cxd4 9. exd4 Bxc3 10. bxc3 h6 11. Rb1 Na5 12. Ng3 Rc8 13. Qe2 0-0 14. Ne4 d5 15. Nxf6+ Qxf6 16. c5 bxc5 17. Ba3 c4 18. Bc2 Rfe8 19. Rb5 e5 20. Rxa5 exd4 21. Qf2 d3 22. Bd1 Qxc3 23. Rxa7 Ra8 24. Bb2 Qb4 25. Qd4 f6 26. Bc3 Qe7 27. Re1 Qc7 28. Rxe8+ Rxe8 29. Qxd5+ Bxd5 30. Rxc7 Rb8 31. Kf2 Re8 32. Rc5 Bf7 33. a4 Ra8 34. a5 Ra6 35. Rb5 Kf8 36. Rb6 Ra7 37. a6 Bd5 38. Ke3 1-0

[Event "Tenerife-chT Preferente 1516"]
[Site "Tenerife"]
[Date "2016.02.20"]
[Round "7.4"]
[White "Henriquez Garcia, David"]
[Black "Medina Plasencia, Santiago"]
[Result "1/2-1/2"]
[WhiteElo "2026"]
[BlackElo "1952"]
[PlyCount "23"]
[EventDate "2015.12.12"]
[EventType "team-tourn"]
[EventRounds "14"]
[EventCountry "ESP"]
[SourceTitle "EXT 2017"]
[Source "ChessBase"]
[SourceDate "2016.10.25"]
[SourceVersion "1"]
[SourceVersionDate "2016.10.25"]
[SourceQuality "1"]
[WhiteTeam "Laguna Cotelec"]
[BlackTeam "El Sauzal"]
[WhiteTeamCountry "ESP"]
[BlackTeamCountry "ESP"]

1. e4 e6 2. d4 d5 3. Nd2 Nf6 4. Ngf3 c5 5. g3 Nc6 6. Bg2 Be7 7. 0-0 0-0 8. Re1 Rb8 9. e5 Nd7 10. Nf1 f6 11. exf6 Bxf6 12. Bh3 1/2-1/2

[Event "Tenerife-chT Preferente 1516"]
[Site "Tenerife"]
[Date "2016.01.30"]
[Round "6.2"]
[White "Medina Plasencia, Santiago"]
[Black "Castaner Harster, Xavier"]
[Result "1-0"]
[WhiteElo "1952"]
[BlackElo "2137"]
[PlyCount "93"]
[EventDate "2015.12.12"]
[EventType "team-tourn"]
[EventRounds "14"]
[EventCountry "ESP"]
[SourceTitle "CBM 170 Extra"]
[Source "ChessBase"]
[SourceDate "2016.02.25"]
[SourceVersion "1"]
[SourceVersionDate "2016.02.25"]
[SourceQuality "1"]
[WhiteTeam "El Sauzal"]
[BlackTeam "Rey Ahogado"]
[WhiteTeamCountry "ESP"]
[BlackTeamCountry "ESP"]

1. d4 Nf6 2. c4 e6 3. Nc3 Bb4 4. e3 b6 5. Bd3 Bb7 6. Nf3 0-0 7. Bd2 d6 8. a3 Bxc3 9. Bxc3 Ne4 10. 0-0 Nxc3 11. bxc3 Nc6 12. Nd2 Na5 13. Qh5 g6 14. Qh6 Qf6 15. f4 Qg7 16. Qh4 f5 17. Be2 c5 18. Bf3 Rac8 19. Bxb7 Nxb7 20. Rf3 Na5 21. Re1 Qf6 22. Qh6 cxd4 23. Rh3 Rf7 24. exd4 Nxc4 25. Nf3 Re7 26. Ng5 Rcc7 27. Rg3 Qg7 28. Qh4 e5 29. fxe5 dxe5 30. d5 Qf6 31. Qh6 Kh8 32. h4 Nd6 33. h5 f4 34. Ne4 Nxe4 35. Rxg6 Rf7 36. Rxe4 Qf5 37. Re6 Rce7 38. R4xe5 Rxe6 39. Qxe6 Qxe6 40. Rxe6 Kg7 41. c4 Kf8 42. Kf2 Rf5 43. h6 b5 44. cxb5 Rxd5 45. a4 Rd2+ 46. Kf3 Rd3+ 47. Kxf4 1-0

[Event "Tenerife-chT Preferente 1516"]
[Site "Tenerife"]
[Date "2016.01.09"]
[Round "3.3"]
[White "Arnaiz Yanes, Miguel Angel"]
[Black "Medina Plasencia, Santiago"]
[Result "1/2-1/2"]
[WhiteElo "1939"]
[BlackElo "1952"]
[PlyCount "117"]
[EventDate "2015.12.12"]
[EventType "team-tourn"]
[EventRounds "14"]
[EventCountry "ESP"]
[SourceTitle "CBM 170 Extra"]
[Source "ChessBase"]
[SourceDate "2016.02.25"]
[SourceVersion "1"]
[SourceVersionDate "2016.02.25"]
[SourceQuality "1"]
[WhiteTeam "Canarias 64"]
[BlackTeam "El Sauzal"]
[WhiteTeamCountry "ESP"]
[BlackTeamCountry "ESP"]

1. d4 Nf6 2. Nf3 e6 3. Bg5 d5 4. e3 Be7 5. Bd3 c5 6. c3 Nc6 7. Nbd2 0-0 8. 0-0 cxd4 9. exd4 Rb8 10. Qe2 Nh5 11. Bxe7 Qxe7 12. Qe3 Nf6 13. Rfe1 Re8 14. Bc2 Nd7 15. Re2 Nf8 16. Rae1 Qc7 17. Qd3 f6 18. Bb3 Na5 19. Bxd5 Bd7 20. Bb3 Nxb3 21. axb3 Bc6 22. Ne4 Rbd8 23. Qc2 Qf7 24. h3 Ng6 25. Re3 Nf4 26. Ng3 Nd5 27. R3e2 Nf4 28. Re3 Nd5 29. Re4 Qg6 30. Nh4 Qh6 31. Nf3 Qg6 32. Qe2 Nc7 33. Rg4 Qf7 34. Ne4 h6 35. Nc5 b6 36. Nd3 g5 37. Nb4 Bb7 38. Rg3 a5 39. Nc2 Nd5 40. Nd2 Nf4 41. Qb5 Qc7 42. Nc4 Bc6 43. Qxb6 Qxb6 44. Nxb6 Rb8 45. Nc4 Rxb3 46. N2a3 Bd5 47. h4 Rc8 48. Nd6 Rd8 49. Ndc4 Rc8 50. Ne3 Rxb2 51. Nxd5 exd5 52. Rge3 Rb3 53. Nb1 a4 54. g3 Ng6 55. hxg5 hxg5 56. Re6 Kf7 57. Ra6 Rcb8 58. Nd2 Rxc3 59. Rxa4 1/2-1/2

[Event "Tenerife-chT Preferente 1516"]
[Site "Tenerife"]
[Date "2015.12.12"]
[Round "1.4"]
[White "Medina Plasencia, Santiago"]
[Black "Rodriguez Paz, Jose Manuel"]
[Result "1-0"]
[WhiteElo "1952"]
[BlackElo "1859"]
[PlyCount "47"]
[EventDate "2015.12.12"]
[EventType "team-tourn"]
[EventRounds "14"]
[EventCountry "ESP"]
[SourceTitle "CBM 170 Extra"]
[Source "ChessBase"]
[SourceDate "2016.02.25"]
[SourceVersion "1"]
[SourceVersionDate "2016.02.25"]
[SourceQuality "1"]
[WhiteTeam "El Sauzal"]
[BlackTeam "Universidad"]
[WhiteTeamCountry "ESP"]
[BlackTeamCountry "ESP"]

1. d4 Nf6 2. c4 g6 3. Nc3 Bg7 4. Bf4 d6 5. e3 0-0 6. Nf3 c6 7. Be2 Na6 8. 0-0 Bg4 9. h3 Bxf3 10. Bxf3 Re8 11. Qa4 Qb6 12. Rab1 Nc7 13. c5 Qa6 14. Qxa6 Nxa6 15. cxd6 exd6 16. Bxd6 Rad8 17. Bg3 Rd7 18. b4 Rc8 19. Rfc1 Bf8 20. b5 Nb4 21. a3 Nbd5 22. Nxd5 Nxd5 23. e4 Nb6 24. Bg4 1-0

[Event "Tenerife-chT Primera"]
[Site "Tenerife"]
[Date "2015.06.06"]
[Round "14.3"]
[White "Medina Plasencia, Santiago"]
[Black "Gutierrez Garcia, Ramon"]
[Result "1-0"]
[WhiteElo "1952"]
[BlackElo "1457"]
[PlyCount "41"]
[EventDate "2015.01.24"]
[EventType "swiss"]
[EventRounds "14"]
[EventCountry "ESP"]
[SourceTitle "EXT 2024"]
[Source "ChessBase"]
[SourceDate "2023.10.10"]
[SourceVersion "1"]
[SourceVersionDate "2023.10.10"]
[SourceQuality "1"]
[WhiteTeam "El Sauzal Libreria Barco II"]
[BlackTeam "La Victoria 94"]
[WhiteTeamCountry "ESP"]
[BlackTeamCountry "ESP"]

1. d4 d5 2. c4 c6 3. Nc3 e6 4. Qc2 g6 5. Bf4 Bg7 6. e3 Ne7 7. cxd5 cxd5 8. Nf3 0-0 9. Bd3 Nd7 10. 0-0 a6 11. Rac1 Nc6 12. a3 b5 13. Nxb5 axb5 14. Qxc6 Ra7 15. Bxb5 Bf6 16. Rc3 Qb6 17. Rfc1 Qxc6 18. Rxc6 Bb7 19. Rc7 Nb8 20. Bd6 Rd8 21. Bc5 1-0

[Event "Tenerife-chT Primera"]
[Site "Tenerife"]
[Date "2015.05.23"]
[Round "13.3"]
[White "Bernardez Gonzalez, Roberto"]
[Black "Medina Plasencia, Santiago"]
[Result "0-1"]
[WhiteElo "1449"]
[BlackElo "1952"]
[PlyCount "84"]
[EventDate "2015.01.24"]
[EventType "swiss"]
[EventRounds "14"]
[EventCountry "ESP"]
[SourceTitle "EXT 2024"]
[Source "ChessBase"]
[SourceDate "2023.10.10"]
[SourceVersion "1"]
[SourceVersionDate "2023.10.10"]
[SourceQuality "1"]
[WhiteTeam "Achinet Gambito de Rey"]
[BlackTeam "El Sauzal Libreria Barco II"]
[WhiteTeamCountry "ESP"]
[BlackTeamCountry "ESP"]

1. e4 e6 2. d4 d5 3. Nc3 Nf6 4. e5 Nfd7 5. f4 c5 6. Nf3 Nc6 7. Be3 cxd4 8. Nxd4 Bc5 9. Qd2 0-0 10. Nb3 Bxe3 11. Qxe3 Ndxe5 12. fxe5 d4 13. Nxd4 Qxd4 14. Qxd4 Nxd4 15. 0-0-0 Nc6 16. g3 Nxe5 17. Bg2 Rb8 18. Rhe1 f6 19. Rd6 Kf7 20. Red1 Ke7 21. R6d4 Bd7 22. Ne2 Rfd8 23. Rb4 Bc6 24. Rxd8 Kxd8 25. Rd4+ Ke7 26. Bxc6 Nxc6 27. Rh4 h6 28. Nd4 Ne5 29. Kd1 Rd8 30. Ke2 f5 31. Nb3 b6 32. Nd2 Rxd2+ 33. Kxd2 Nf3+ 34. Kd3 Nxh4 35. gxh4 g5 36. b4 Kd6 37. c4 e5 38. a4 g4 39. Ke3 a5 40. c5+ bxc5 41. b5 c4 42. h5 f4+ 0-1

[Event "Tenerife-chT Primera"]
[Site "Tenerife"]
[Date "2015.01.24"]
[Round "1.2"]
[White "Camacho Hernandez, Francisco"]
[Black "Medina Plasencia, Santiago"]
[Result "1-0"]
[WhiteElo "1839"]
[BlackElo "1952"]
[PlyCount "54"]
[EventDate "2015.01.24"]
[EventType "swiss"]
[EventRounds "14"]
[EventCountry "ESP"]
[SourceTitle "EXT 2024"]
[Source "ChessBase"]
[SourceDate "2023.10.10"]
[SourceVersion "1"]
[SourceVersionDate "2023.10.10"]
[SourceQuality "1"]
[WhiteTeam "Casa de Venezuela"]
[BlackTeam "El Sauzal Libreria Barco II"]
[WhiteTeamCountry "ESP"]
[BlackTeamCountry "ESP"]

1. d4 Nf6 2. c4 e6 3. Nc3 Bb4 4. e3 b6 5. Nf3 Bb7 6. Be2 Ne4 7. Qb3 Nc6 8. 0-0 Bxc3 9. bxc3 0-0 10. Qc2 f5 11. Ba3 d6 12. d5 Nb8 13. Nd4 exd5 14. Ne6 Qe7 15. Nxf8 Qxf8 16. cxd5 Bxd5 17. f3 Nc5 18. e4 Be6 19. Bxc5 bxc5 20. exf5 Qxf5 21. Bd3 Qh5 22. Rfe1 Qh6 23. Bf5 Bf7 24. Qe4 c6 25. Qe7 Na6 26. Qb7 Rf8 27. Qxa6 Qg5 1-0

[Event "Tenerife-ch"]
[Site "Santa Cruz de La Palma"]
[Date "2014.05.17"]
[Round "1"]
[White "Medina Plasencia, Santiago"]
[Black "Gil Ojeda, Jorge"]
[Result "1-0"]
[WhiteElo "1980"]
[BlackElo "1259"]
[PlyCount "63"]
[EventDate "2014.05.17"]
[EventType "swiss"]
[EventRounds "9"]
[EventCountry "ESP"]
[SourceTitle "CBM 160 Extra"]
[Source "ChessBase"]
[SourceDate "2014.07.01"]
[SourceVersion "1"]
[SourceVersionDate "2014.07.01"]
[SourceQuality "1"]

1. d4 f5 2. e4 fxe4 3. Nc3 d5 4. Qh5+ g6 5. Qxd5 Qxd5 6. Nxd5 Kd8 7. Bf4 Na6 8. Be5 e6 9. Ne3 Be7 10. Bxh8 Nf6 11. 0-0-0 Nb4 12. a3 Nc6 13. d5 Nxd5 14. Nxd5 exd5 15. Rxd5+ Bd6 16. Bf6+ Ke8 17. Bb5 Be6 18. Rd1 Kf7 19. Bc3 Ne7 20. Ne2 c6 21. Ba4 Bc5 22. Nd4 Bg4 23. f3 exf3 24. gxf3 Bh5 25. Bb3+ Nd5 26. Rhe1 Kf8 27. Ne6+ Kg8 28. Nxc5 Bxf3 29. Rd3 Bh5 30. Rxd5 cxd5 31. Bxd5+ Kf8 32. Nd7# 1-0

[Event "Tenerife-chT Primera 1314"]
[Site "Tenerife"]
[Date "2014.04.05"]
[Round "13.2"]
[White "Henriquez Garcia, David"]
[Black "Medina Plasencia, Santiago"]
[Result "0-1"]
[WhiteElo "2008"]
[BlackElo "1980"]
[PlyCount "44"]
[EventDate "2013.12.14"]
[EventType "team-tourn"]
[EventRounds "14"]
[EventCountry "ESP"]
[SourceTitle "EXT 2015"]
[Source "ChessBase"]
[SourceDate "2014.11.20"]
[SourceVersion "1"]
[SourceVersionDate "2014.11.20"]
[SourceQuality "1"]
[WhiteTeam "Laguna Cotelec II"]
[BlackTeam "El Sauzal Libreria Barco II"]
[WhiteTeamCountry "ESP"]
[BlackTeamCountry "ESP"]

1. d4 Nf6 2. Nd2 d5 3. g3 e6 4. Bg2 c5 5. Ngf3 Nc6 6. dxc5 Bxc5 7. 0-0 0-0 8. c4 b6 9. cxd5 Nxd5 10. Nb3 Be7 11. e4 Nf6 12. Qe2 Qc7 13. e5 Nd5 14. Bd2 Bb7 15. Rac1 Rac8 16. a3 Qb8 17. Qe4 Rfd8 18. Rfe1 Bf8 19. Ng5 g6 20. Qh4 h6 21. Bxd5 hxg5 22. Bxg5 Rxd5 0-1

[Event "Tenerife-chT-A1"]
[Site "Tenerife"]
[Date "2013.03.16"]
[Round "8.1"]
[White "Medina Plasencia, Santiago"]
[Black "Gutierrez Garcia, Ramon"]
[Result "1-0"]
[WhiteElo "1992"]
[BlackElo "1536"]
[PlyCount "53"]
[EventDate "2013.01.19"]
[EventType "team-tourn"]
[EventRounds "14"]
[EventCountry "ESP"]
[SourceTitle "EXT 2014"]
[Source "ChessBase"]
[SourceDate "2013.11.20"]
[SourceVersion "1"]
[SourceVersionDate "2013.11.20"]
[SourceQuality "1"]
[WhiteTeam "El Sauzal Libreria Barco II"]
[BlackTeam "La Victoria 94"]
[WhiteTeamCountry "ESP"]
[BlackTeamCountry "ESP"]

1. d4 d5 2. c4 c5 3. cxd5 Qxd5 4. e3 cxd4 5. exd4 e5 6. dxe5 Qxe5+ 7. Be2 Nf6 8. Nf3 Qe6 9. 0-0 Be7 10. Bb5+ Bd7 11. Re1 Qf5 12. Bd3 Qc5 13. Be3 Qd6 14. Qc2 0-0 15. Nc3 Nc6 16. a3 Rfe8 17. Rad1 Qc7 18. Nb5 Qc8 19. Bf4 Bd8 20. Nd6 Rxe1+ 21. Rxe1 Qc7 22. Qc4 Be6 23. Rxe6 fxe6 24. Qxe6+ Kf8 25. Bxh7 Qe7 26. Nh4 Qxe6 27. Ng6# 1-0

[Event "Tenerife-chT-A1"]
[Site "Tenerife"]
[Date "2013.02.16"]
[Round "4.3"]
[White "Villavicencio Martinez, Carlos Luis"]
[Black "Medina Plasencia, Santiago"]
[Result "1/2-1/2"]
[WhiteElo "2084"]
[BlackElo "1992"]
[PlyCount "94"]
[EventDate "2013.01.19"]
[EventType "team-tourn"]
[EventRounds "14"]
[EventCountry "ESP"]
[SourceTitle "EXT 2014"]
[Source "ChessBase"]
[SourceDate "2013.11.20"]
[SourceVersion "1"]
[SourceVersionDate "2013.11.20"]
[SourceQuality "1"]
[WhiteTeam "Laguna Cotelec II"]
[BlackTeam "El Sauzal Libreria Barco II"]
[WhiteTeamCountry "ESP"]
[BlackTeamCountry "ESP"]

1. e4 e6 2. Nf3 d5 3. Nc3 Nf6 4. e5 Nfd7 5. d4 c5 6. dxc5 Bxc5 7. Bd3 Nc6 8. Bf4 f6 9. exf6 Nxf6 10. 0-0 0-0 11. Ne5 a6 12. Bg3 Qe8 13. Na4 Ba7 14. c4 Nxe5 15. Bxe5 dxc4 16. Be2 Bd7 17. b3 b5 18. Nb2 cxb3 19. axb3 Bc5 20. Nd3 Be7 21. Nf4 Nd5 22. Nxd5 exd5 23. Qxd5+ Kh8 24. Bf3 Rd8 25. Bc7 Rc8 26. Rac1 Bd8 27. Rce1 Qf7 28. Bd6 Qxd5 29. Bxd5 Re8 30. Bb7 Rc3 31. Rxe8+ Bxe8 32. Re1 Bg6 33. b4 Ra3 34. Bc5 h6 35. g3 Bf6 36. Re6 a5 37. Rb6 Bd3 38. bxa5 Rxa5 39. h4 Ra1+ 40. Kg2 Rb1 41. Bd5 Re1 42. Rb8+ Kh7 43. h5 Be4+ 44. Bxe4+ Rxe4 45. Rxb5 Re5 46. Ra5 Rf5 47. Ra8 Bd8 1/2-1/2

[Event "Canarias-chT"]
[Site "Fuerteventura"]
[Date "2012.06.08"]
[Round "3.4"]
[White "Medina Plasencia, Santiago"]
[Black "Bethencourt Seijas, Sergio"]
[Result "1-0"]
[WhiteElo "1997"]
[BlackElo "1779"]
[PlyCount "107"]
[EventDate "2012.06.07"]
[EventType "team-tourn"]
[EventRounds "7"]
[EventCountry "ESP"]
[SourceTitle "CBM 148 Extra"]
[Source "ChessBase"]
[SourceDate "2012.06.22"]
[SourceVersion "1"]
[SourceVersionDate "2012.06.22"]
[SourceQuality "1"]
[WhiteTeam "El Sauzal"]
[BlackTeam "Sociedad Democracia"]
[WhiteTeamCountry "ESP"]
[BlackTeamCountry "ESP"]

1. d4 Nf6 2. c4 g6 3. Nc3 Bg7 4. Bf4 0-0 5. e3 d6 6. Nf3 Nc6 7. Be2 Nh5 8. Bg5 Bg4 9. h3 Bxf3 10. Bxf3 Nf6 11. Qa4 e5 12. Bxc6 exd4 13. exd4 bxc6 14. Qxc6 Re8+ 15. Be3 d5 16. 0-0 Re6 17. Qa4 Rb8 18. c5 Ne4 19. Rab1 c6 20. Bf4 Rb7 21. Nxe4 dxe4 22. Bd6 Rxd6 23. cxd6 Qxd6 24. Rbc1 Rxb2 25. Rxc6 Qd7 26. Rfc1 Rb8 27. Qc4 Qxd4 28. Qxd4 Bxd4 29. Rc8+ Rxc8 30. Rxc8+ Kg7 31. Rc4 Bf6 32. Rxe4 a5 33. h4 h5 34. Kf1 Bc3 35. Ke2 Kf6 36. Kd3 Bb4 37. Kc4 Kf5 38. f3 Bd2 39. Re2 Bb4 40. Re4 f6 41. Kb5 g5 42. Rxb4 axb4 43. hxg5 fxg5 44. Kxb4 Kf4 45. a4 Kg3 46. a5 Kxg2 47. a6 Kxf3 48. a7 h4 49. a8Q+ Kg3 50. Kc4 Kh2 51. Qb8+ Kg2 52. Qb2+ Kh1 53. Qc1+ Kh2 54. Qxg5 1-0